书目信息 |
| 题名: |
数学中的美
|
|
| 作者: | 吴振奎 , 吴旻 编著 | |
| 分册: | ||
| 出版信息: | 上海 上海教育出版社 2002.03 |
|
| 页数: | 448页 | |
| 开本: | 20cm | |
| 丛书名: | ||
| 单 册: | ||
| 中图分类: | O1-05 | |
| 科图分类: | ||
| 主题词: | 数学--shu xue--美学 | |
| 电子资源: | ||
| ISBN: | 7-5320-8485-X | |
| 000 | 00789nam0 2200241 450 | |
| 001 | 012006668578 | |
| 005 | 20060626153119.31 | |
| 010 | @a7-5320-8485-X@dCNY23.00 | |
| 100 | @a20060615d2002 km y0chiy0120 ea | |
| 101 | 0 | @achi |
| 102 | @aCN@b310000 | |
| 105 | @aa a 000yy | |
| 200 | 1 | @a数学中的美@Ashu xue zhong de mei@f吴振奎, 吴旻编著@Fwu zhen kui,wu min bian zhu |
| 210 | @a上海@c上海教育出版社@d2002.03 | |
| 215 | @a448页@c图@d20cm | |
| 320 | @a有书目 (第447-448页)。 | |
| 330 | @a本书试图从哲学范畴出发,配以数学实例去揭示数学潜在的规律,探索运用美学原理指导数学创造、发现的途径。 | |
| 606 | 0 | @a数学@Ashu xue@x美学 |
| 690 | @aO1-05@v4 | |
| 701 | 0 | @a吴振奎@Awu zhen kui@4编著 |
| 701 | 0 | @a吴旻@Awu min@4编著 |
| 801 | 0 | @aCN@bQSSK@c20060626 |
| 905 | @a10447@dO1-05@eW923 | |
| 数学中的美/吴振奎, 吴旻编著.-上海:上海教育出版社,2002.03 |
| 448页:图;20cm |
| ISBN 7-5320-8485-X:CNY23.00 |
| 本书试图从哲学范畴出发,配以数学实例去揭示数学潜在的规律,探索运用美学原理指导数学创造、发现的途径。 |
| ● |
| 相关链接 |
|
|
|
正题名:数学中的美
索取号:O1-05/W923
 
预约/预借
| 序号 | 登录号 | 条形码 | 馆藏地/架位号 | 状态 | 备注 |
| 1 | 586318 | 205863181 | 自科库401/401自科库 105排3列2层/ [索取号:O1-05/W923] | 在馆 | |
| 2 | 586319 | 205863190 | 自科库401/401自科库 105排3列2层/ [索取号:O1-05/W923] | 在馆 | |
| 3 | 586320 | 205863207 | 自科库401/401自科库 105排3列2层/ [索取号:O1-05/W923] | 在馆 |